Ciberseguridad y transformación digital: cloud, identidad digital, blockchain, agile, inteligencia artificial (Registro nro. 13645)
[ vista simple ]
| 000 -Cabecera | |
|---|---|
| Campo de control de longitud fija | 00807nam a22002777a 4500 |
| 005 - Fecha y hora de la última transacción | |
| Campo de control | 20260416115457.0 |
| 008 - Elementos de longitud fija--Información general | |
| Campo de control de longitud fija | 240215b |||||||| |||| 00| 0 spa d |
| 020 ## - International Standard Book Number | |
| Número Internacional Estándar del Libro (ISBN) | 9788441541627 |
| 041 ## - Idioma | |
| Código de idioma | Español |
| 082 ## - Clasificación Decimal Dewey | |
| Número de clasificación | 005.8 C112c |
| 100 ## - Entrada principal--Autor personal | |
| Nombre personal | Caballero Velasco, María Ángeles |
| 100 ## - Entrada principal--Autor personal | |
| Nombre personal | Cilleros Serrano, Diego |
| 245 ## - Título propiamente dicho | |
| Título | Ciberseguridad y transformación digital: cloud, identidad digital, blockchain, agile, inteligencia artificial |
| 260 ## - Pie de imprenta | |
| Lugar de publicación, distribución, etc. | España |
| 260 ## - Pie de imprenta | |
| Nombre del editor, distribuidor, etc. | Anaya |
| 260 ## - Pie de imprenta | |
| Fecha de publicación, distribución, etc. | 2020 |
| 300 ## - Descripción física | |
| Extensión | 311 páginas |
| 490 ## - Serie | |
| Título de la Serie | Tecnologías de la Información |
| -- | Big Data |
| 650 ## - Materia general | |
| Temática (materia general) | CIBERSEGURIDAD |
| 650 ## - Materia general | |
| Temática (materia general) | TRANSFORMACIÓN DIGITAL |
| 650 ## - Materia general | |
| Temática (materia general) | REALIDAD VIRTUAL |
| 650 ## - Materia general | |
| Temática (materia general) | INTELIGENCIA ARTIFICIAL |
| 650 ## - Materia general | |
| Temática (materia general) | TECNOLOGÍA |
| 942 ## - Punto de acceso adicional KOHA | |
| Fuente del sistema de clasificación o colocación | Dewey Decimal Classification |
| Tipo de ítem KOHA | Libro |
| Signatura completa | Código de barras | Programa Académico | Tipo de ítem |
|---|---|---|---|
| 005.8 C112c | 25792 | Libro |